000 00566nam a22001577a 4500
003 macl
005 20210911161219.0
008 200118b xxu||||| |||| 00| 0 eng d
040 _cmacl
082 _a891.433/NIR/S
100 _aसंपा. सुभाष नीरव
_977867
245 _aपंजाबी की यादगार कहानियॉं { तीसरा खंण्‍ड }
260 _aदिल्‍ली
_bभारत पुस्‍तक भण्‍डार
_c2018
650 _aकहानी
_977868
942 _2ddc
_cHIN
999 _c61833
_d61833